| 000 | 00990nam a2200229Ia 4500 | ||
|---|---|---|---|
| 003 | Ost | ||
| 005 | 20260507075257.0 | ||
| 008 | 260507s9999||||xx |||||||||||||| ||und|| | ||
| 020 | _a×342282977 | ||
| 040 | _cfsecg | ||
| 041 | _aara | ||
| 082 | _a330 | ||
| 100 |
_aخلف، عبد الجواد _eمؤلف |
||
| 245 | 0 |
_aالمعاملات في الفقه الاسلامي / _c عبد الجواد خلف |
|
| 260 |
_aالقاهرة: _bالدار الدولية للاستثمارات الثقافية, _c2008 |
||
| 300 |
_a208 صفحة؛ _c25 سم |
||
| 520 | _aالبيوع و أركانه و صور البيوع من حيث الجواز أو عدمه : البيوع الفاسدة و البيوع المحرمة ، الشركة و أنواعها ، الوكالة ، الحوالة و الكفالة ، عقد الرهن و الاجارة . | ||
| 653 | _aالاقتصاد الاسلامي | ||
| 653 | _aالمعاملات | ||
| 653 | _aفقه اسلامي | ||
| 942 | _cكتاب | ||
| 999 |
_c43756 _d43756 |
||